000 00892nam a2200217Ia 4500
003 GCL
008 140319s9999 xx 000 0 ara d
040 _aGCL /
_cGCL
082 0 4 _a336.953
_bع ح
100 1 _aعبدالرازق الفارس
245 1 0 _aالحكومة والفقراء والانفاق العام: دراسة لظاهرة عجز الموازنة واثارها الاقتصادية والاجتماعية فى البلدان العربية /
_cعبدالرازق الفارس
300 _a208 ص
490 _aالهيئة العامة للاستعلامات
_v0
650 0 4 _aالاقتصاد
650 0 4 _aالحكومة
650 0 4 _aالميزانية
650 0 4 _aالانفاق العام
650 0 4 _aالبلدان العربية - السياسة المالية
650 0 4 _aالعجز المالى - البلدان العربية
942 _2ddc
_cBK
999 _c51734
_d51734